|
|
|
|
| LEADER |
00000nab a2200000 a 4500 |
| 001 |
vtls000748487 |
| 003 |
SK-MaSNL |
| 005 |
20260304120832.0 |
| 008 |
250429c2000 xo 0 slo |
| 015 |
|
|
|a SNBRB2001/02-04672
|
| 035 |
|
|
|a CLN000100312
|
| 035 |
|
|
|a (urnnbn)urn:nbn:sk:snk:ar-005j42
|
| 035 |
|
|
|a (uuid)dd69a32e-4ecf-4122-96b8-84c4e59a9a7a
|
| 035 |
|
|
|a urn:nbn:sk:snk-ab7znr
|
| 040 |
|
|
|a SNKBUCL
|b slo
|c SNKBUCL
|e AACR2
|
| 041 |
0 |
|
|a eng
|
| 044 |
|
|
|a xo
|c SK
|
| 080 |
|
|
|a 551.24(234.372.3)"623"
|2 1997
|
| 080 |
|
|
|a 551.78
|2 1997
|
| 100 |
1 |
|
|a Jacko, Stanislav,
|d 1939-
|4 aut
|9 20196
|
| 245 |
1 |
0 |
|a Tertiary semi-ductile shear event within Margecany and related shear zones
|c Stanislav Jacko, Roman Farkašovský
|
| 300 |
|
|
|b Obr.
|
| 504 |
|
|
|a Res. angl.
|
| 504 |
|
|
|a Bibliogr. odkazy
|
| 650 |
0 |
7 |
|a geotektonika
|2 snkbucl
|9 18830
|
| 655 |
|
7 |
|a články z novín a časopisov
|2 snkbucl
|9 267496
|
| 700 |
1 |
|
|a Farkašovský, Roman,
|d 1972-
|4 aut
|9 221344
|
| 773 |
0 |
|
|t Mineralia slovaca
|g Roč. 32, č. 3 (2000), s. 175-178
|x 0369-2086
|
| 850 |
|
|
|a Slovenská národná knižnica
|
| 852 |
|
|
|a Slovenská národná knižnica
|
| 958 |
|
|
|a article9
|
| 958 |
|
|
|a OND
|
| 958 |
|
|
|a SK
|
| 958 |
|
|
|a NB
|
| 958 |
|
|
|a EUIPO
|
| 992 |
|
|
|a RBX
|
| 999 |
|
|
|c 2881826
|d 2883756
|